000 00550nam a2200217Ia 4500
003 OSt
005 20220928141847.0
006 a|||||r|||| 00| 0
007 ta
008 220927b |||||||| |||| 00| 0 eng d
024 _a18136
037 _cTextual
040 _aSDCL
_cSDCL
_beng
041 _2eng
_aeng
082 _aX:87, N6
100 _aKapur S K
_9502537
245 0 _aProfessional management
_b Theory ,process,and practice
260 _c1996
942 _hX:87, N6
_cTEXL
_2CC
999 _c820402
_d820402